00327nam a2200133Ia 4500008004100000020001500041041001200056082001600068100001400084245004100098260002900139300000900168650001600177221030s9999 xx 000 0 und d a8170296412 aEnglish a105.23bCow aR. Cowart 0aMastering Windows R 95cby R. Cowart bBPB PubaNew Delhic1995 a1156 aBE Computer